| 000 | 00533nam a2200157Ia 4500 | ||
|---|---|---|---|
| 003 | GCL | ||
| 008 | 140319s9999 xx 000 0 ara d | ||
| 040 |
_aGCL / _cGCL |
||
| 082 | 0 | 4 |
_aد _b050 _bم ع |
| 245 | 1 | 0 | _aالهلال ديسمبر 2002 : البحث عن حياة على المريخ |
| 260 |
_aالكويت : _bالمجلس الوطنى للثقافة والفنون والاداب ، _c2002 |
||
| 650 | 0 | 4 | _aالمريخ |
| 650 | 0 | 4 | _aالمريخ، استكشاف |
| 650 | 0 | 4 | _aالمريخ، مراقبة |
| 942 |
_2ddc _cCR |
||
| 999 |
_c6668 _d6668 |
||